Регионална библиотека "Любен Каравелов" - Русе

Господство и съблазън (Запис номер 1349)

MARC детайли
000 -Лидер
Контролно поле с фиксирана дължина 01051nam a2200289 c 4500
003 - Код на организацията, давaща контролен номер
Контролно поле BLK
005 - Дата и час на последна редакция
Контролно поле 20180420213345.0
008 - Елементи от данни с фиксирана дължина
fixed length control field 180412b bul|||||r ||||||| ||bul||
010 ## - Наследен системен номер
LC control number KNG00002165000
020 ## - Международен стандартен номер на книга ISBN
Международен стандартен номер на книга ISBN 954-8633-01-9
-- издат.: Мини Мод
040 ## - Източник на каталожния запис
Идентификатор на билиотеката - собственик на записа BLK
041 ## - Код за език
Код за езика на текст/звукозапис или на отделно заглавие Български
Код за езика КДБФ Български
080 ## - УДК
Текстов определител УДК Австрийска литература
УДК код - определител по УДК 821.112(436)
УДК определител -1
УДК - код + определител 821.112(436)-1
100 1# - Редна дума - Автор
Автор Хофманстал, Хуго фон
Авторска отговорност първи автор
R(LIN) 137672
139 ## - Редно поле
Редна дума Хофманстал, Хуго фон
Авторски знак Хоф - Х 71
245 10 - Сведения за заглавието
Заглавие Господство и съблазън
Подзаглавни данни Лирика
Редно поле (дума) Хуго фон Хофманстал.
257 ## - Страна на издаване
Страна на създаване/издаване Австрия
260 ## - Област на издателските данни
-- Пловдив
Име на издателя, разпространителя и проч. Мини Мод
Година на издаване 1994
300 ## - Физическа характеристика
Страници 107 с.
Илюстрации и др. с ил
Размери/Мащаб 20 см
380 ## - Жанр
Жанр Худож. лит.
500 ## - Общи забележки
Забележка Ориг. загл. Gesammelte Werke in zehn Einzelbanden / Hugo von Hofmannsthal ; 2 000 тир.
852 ## - Местоположение
Форматна сигнатура Цб 178701
856 4# - Електронен адрес и достъп
Електронен формат pdf - файл
Път до файла /url/
856 4# - Електронен адрес и достъп
Електронен формат pdf - файл
Път до файла /url/
942 ## - АРТИКУЛИ
Вид на библиотечния материал Книги
Скрит в OPAC Не
944 ## - СЪЗДАВАНЕ И РЕДАКЦИЯ на ЗАПИСА
Създаване/Редакция Създаване
Дата на регистрацията/редакция 15.01.2003
Служител, извършил регистрацията/редакцията Теодора_Стоянова
944 ## - СЪЗДАВАНЕ И РЕДАКЦИЯ на ЗАПИСА
Създаване/Редакция Редакция
Дата на регистрацията/редакция 10.09.2015
Служител, извършил регистрацията/редакцията
999 ## - СИСТЕМНИ КОНТРОЛНИ НОМЕРА
Koha biblionumber 1349
Koha biblioitemnumber 1349
Наличности
Код за отписване Код за изгубен артикул Код за повреда Коз за рестрикции Код за отдаване Артикулен № Име на библиотеката - собственик Име на библиотеката, в която се намира в момента Статус (Текущо местоположение) Дата на вписване в системата Местоположение - отдел Цена в лева Инвентарен номер Систематично азбучна сигнатура Баркод Номер на екземпляра Цена в евро Служебна бележка Служебен тип на артикула
  Не е изгубен Не е повреден без рестрикции ползва се в читалня 2659 Регионална библиотека "Любен Каравелов" Русе Регионална библиотека "Любен Каравелов" Русе Хранилище 1994-01-01 Хранилище 0.00 603104 Цб 178701 603104 1 0.00 Дост: Dp Вид: Д N: стар фонд Дата: 01.01.1994 Дата инв: 10.09.2015 Бележки инв: Цб2015 Книги
Vip Innovations Ltd, Rousse, Bulgaria 2025